000 01121nam a2200301 i 4500
003 EG-GICUC
005 20260422150025.0
008 260422s1943 be ||||fr|||| 000 0 Fre d
040 _aEG-GiCUC
_bfre
_cEG-GiCUC
_dEG-GiCUC
_eRda
041 0 _afre
082 0 4 _221
_a343.630493
_bCO . B
092 0 4 _221
099 _aLaw1 10 343.630493 CO . B 1943
100 1 _aCollignon, Théo
_eAuteur
245 1 3 _aLa LOI Belge De Défense Sociale À L'égard Des Anormaux Et Des Délinquants D'habitude (Lol Du 9 Avril 1930) :
_bCommentaire doctrinal et jurisprudentiel /
_cPar Théo Collignon, Raoul Van Der Made.
264 1 _aParbruxelles :
_bMaison Ferdinand Larcier, S. A,
_c1943.
300 _a345 page, pages non numérotées ;
_c 24 cm.
336 _2rda contenu
_a texte
337 _2rda medias
_aOrdinateur
338 _2 transporteur rda
_a Ressource en ligne
546 _aTexte en français
650 1 _aDroit pénal
_2qrmak
651 1 _2qrmak
700 1 _aVan Der Made, Raoul
_eCo-Auteur
856 4 0 _uhttps://fll.law.cu.edu.eg/fulltext/bks/B10-10377.pdf
905 _a62
942 _2ddc
_n0
_cBK
_e21
999 _c72830
_d72830